000 00338nam a2200133Ia 4500
005 20251013221641.0
008 251010s9999 xx 000 0 und d
041 _amar
100 _aमंत्री र.
_9213960
245 _aसाप्‍ताहिकी
250 _a1ST
260 _bIndrayani Sahitya
_c1982
300 _a188
999 _c368213
_d368213